Mangas les plus vendus de 2023 - Statistiques

Statistiques générales
  • Ce quiz a été pris 1 172 fois
  • Le résultat moyen est 5 sur 23
Statistiques - réponses
Hint Réponse % Correct
3,655,000 One Piece
98%
3,905,000 Jujutsu Kaisen
73%
8,585,910 Blue Lock
54%
2,540,000 My Hero Academia
54%
4,610,000 Chainsaw Man
37%
2,835,235 Spy x family
36%
2,755,000 Tokyo Revengers
30%
2,840,748 Oshi no Ko
23%
1,650,000 Kingdom
19%
855,000 Mashle
15%
850,000 Detective Conan
14%
935,000 Kaiju no.8
14%
4,414,158 Slam Dunk
14%
845,000 Sakamoto Days
10%
975,000 Ao Ashi
8%
865,000 Les carnets de l'apothicaire
7%
1,610,000 Moi, quand je me réincarne en Slime
3%
815,000 Valkyrie Apocalypse
2%
810,000 Bocchi the Rock!
1%
770,000 Toilet-Bound Hanako-kun
1%
735,000 Chiikawa Nanka Chiisakute Kawaii Yatsu
0%
1,275,000 Iruma à l'école des démons
0%
750,000 Loving Yamada at LV999!
0%
Aucun quiz correspondant
Distribution des résultats
% des personnes avec chaque résultat
Percentile par nombre de réponses
Votre historique - résultats
Vous n’avez pas pris ce quiz